000 00235nam a2200097Ia 4500
001 711648
005 20250826162812.0
008 250824s9999 xx 000 0 und d
245 0 _aDIŞARIDAN
_cECE TEMELKURAN
260 _bEVEREST YAYINLARI
999 _c711648
_d711648